Сопротивление материалов. Ч. 1: Простое сопротивление (Запись № 7130046)

Подробности
000 -МАРКЕР
контрольное поле 01376nam2a22002411 4500
001 - ИДЕНТИФИКАТОР ЗАПИСИ
контрольное поле rc\26259
005 - ИДЕНТИФИКАТОР ВЕРСИИ
контрольное поле 20250620192713.0
035 ## - ДРУГИЕ СИСТЕМНЫЕ НОМЕРА
Идентификатор записи (NLR Aleph) 005384031
100 ## - ДАННЫЕ ОБЩЕЙ ОБРАБОТКИ
Данные общей обработки 20021216d1995 |||y0rusy50 ca
101 0# - ЯЗЫК РЕСУРСА
Язык текста, звукозаписи и т.д. русский
102 ## - СТРАНА ПУБЛИКАЦИИ ИЛИ ПРОИЗВОДСТВА
Страна публикации Российская Федерация
105 ## - ПОЛЕ КОДИРОВАННЫХ ДАННЫХ: ТЕКСТОВЫЕ МАТЕРИАЛЫ, МОНОГРАФИЧЕСКИЕ
Кодированные данные о монографическом текстовом документе a |||||||||
200 1# - ЗАГЛАВИЕ И СВЕДЕНИЯ ОБ ОТВЕТСТВЕННОСТИ
Основное заглавие Простое сопротивление
210 ## - ПУБЛИКАЦИЯ, РАСПРОСТРАНЕНИЕ И ДР.
Дата издания, распространения и т.д. 1995
Место издания, распространения и т.д. Б. м.
215 ## - ФИЗИЧЕСКАЯ ХАРАКТЕРИСТИКА
Специфическое обозначение материала и объем 75 с.
Другие сведения о физической характеристике ил.
320 ## - ПРИМЕЧАНИЯ О НАЛИЧИИ В ДОКУМЕНТЕ БИБЛИОГРАФИИ / УКАЗАТЕЛЯ
Текст примечания Библиогр.: с. 74
461 #0 - УРОВЕНЬ НАБОРА
Встроенное поле 001rc\26258
-- 2001#$aСопротивление материалов$eМетод. пособие к лаб. работам$fМ-во путей сообщ. Рос. Федерации. Гос. акад. путей сообщ., Забайкал. ин-т инж. ж.-д. трансп. Каф. "Общенауч. дисциплины"$vЧ. 1
-- 700#1$aГончарова$bЛ.В.$gЛюдмила Викторовна
Системный номер (АБИС) связанной записи 7130039
Автор Гончарова, Л.В.
Место публикации Чита
Дата публикации 1995
Первые сведения об ответственности М-во путей сообщ. Рос. Федерации. Гос. акад. путей сообщ., Забайкал. ин-т инж. ж.-д. трансп. Каф. "Общенауч. дисциплины"
Имя издателя, распространителя и т.д. ДВГАПС
Сведения, относящиеся к заглавию Метод. пособие к лаб. работам
Заглавие Сопротивление материалов
Номер тома Ч. 1
801 #0 - ИСТОЧНИК ЗАПИСИ
Страна Российская Федерация
Организация NLR
Правила каталогизации psbo
801 #1 - ИСТОЧНИК ЗАПИСИ
Страна Российская Федерация
Организация ELAR
Источник данных rusmarc
852 ## - МЕСТОНАХОЖДЕНИЕ И ШИФР ХРАНЕНИЯ
Идентификатор организации NLR
Шифр хранения (Call Number) 95-4/11164
942 ## - ДОПОЛНИТЕЛЬНЫЕ ЭЛЕМЕНТЫ ЗАПИСИ (АБИС)
Тип экземпляра АБИС Книга
980 ## - КОЛЛЕКЦИЯ
Название коллекции Национальная библиография
Экземпляры
Тип экземпляра Дата поступления Библиотека постоянного хранения Библиотека текущего хранения Место хранения Шифр хранения Штрих-код Статус экземпляра
Книга 26.10.2013 РНБ (Московский) РНБ (Московский) Русский книжный фонд: издания с 1957 года 95-4/11164 5384031-10